| 000 | 00935nam a22002537a 4500 | ||
|---|---|---|---|
| 005 | 20170123162304.0 | ||
| 010 | _aB-230482 | ||
| 020 |
_c120.00 _a818841347 |
||
| 035 | _aB-230482 | ||
| 037 | _bCen Lib/Ret | ||
| 040 |
_aDPL _bUR |
||
| 082 |
_a841.08 _bا م ی |
||
| 100 |
_aعرش ملسیانی _9108592 |
||
| 245 |
_aامیر خسرو احد فن اور شاکسیت / _cعرش ملسیانی |
||
| 246 |
_aAmir Khusro ahd, fan aur shaksiyat / _bby Arsh Malsiani |
||
| 260 |
_aنیی دہلی _bیم آر پبلکھانس _c2007 |
||
| 270 |
_bنیی دہلی _e110002 _a٢٦٩٥، کالے خان سٹریٹ کچہ چلن دریاگنج |
||
| 300 |
_a208p. _c18cm(Hb) |
||
| 650 |
_aاردو ادب _9108875 |
||
| 650 |
_aاردو شیری امیر خسرو _9108876 |
||
| 650 |
_aUrdu literature _9108877 |
||
| 650 |
_aUrdu poetry Ameer Khusro _9108878 |
||
| 942 |
_2ddc _cUR _h841.08 _mا م ی |
||
| 999 |
_c106195 _d106195 |
||